000 01433cam a22003857a 4500
001 000066604
003 CHAP
005 20220329141224.0
008 971010s1986 r 00010 d
010 _a64653
011 _a65625
035 _a72756
040 _cCHAP
082 0 4 _a630.973
_bF6
100 0 0 _aFoladori, Guillermo.
_942005
245 1 3 _aLa crísis actual de la agricultura norteaméricana.
260 _aChapingo, Méx. :
_bUACH. Departamento de Sociología Rural,
_c1986.
300 _a135 p.
590 _aBATCH-UPD
_b10
_c20130110
_lUCH01
_h2109
590 _aCONVERSION
_b10
_c20130109
_lUCH01
_h1335
590 _aE5995AHE
_b05
_c20150324
_lUCH01
_h0901
650 1 4 _aAgricultura.
_91172
650 1 4 _aAgricultura
_xE.U.A.
_91408
901 _aBK
942 _cLIBRO
942 _n0
949 _a630.973 F6
_bBC
_cLIBRO
_d33724000561346
_eLIBRO
_fc.2
_h71865
_i72756
_si
949 _a630.973 F6
_bBC
_cLIBRO
_d33724000561353
_eLIBRO
_fc.3
_h71866
_i72756
_si
949 _a630.973 F6
_bBC
_cLIBRO
_d33724000561361
_eLIBRO
_fc.4
_h71867
_i72756
_si
949 _a630.973 F6
_bBC
_cLIBRO
_d33724000561379
_eLIBRO
_fc.5
_h71868
_i72756
_si
949 _a630.973 F6
_bBC
_cLIBRO
_d33724000604773
_eLIBRO
_fc.6
_h80755
_i72756
_si
949 _a630.973 F6
_bBC
_cUACH
_d33724000561338
_eUACH
_h71864
_i72756
_si
949 _a630.973 F6
_bPA
_cLIBRO
_d-5481
_eLIBRO
_h1604
_i72756
_si
949 _a630.973 F6
_bZA
_cLIBRO
_d-66771
_eLIBRO
_h5423
_i72756
_si
999 _c64653
_d64653